| 000 | 00419nam a2200157Ia 4500 | ||
|---|---|---|---|
| 003 | GCL | ||
| 008 | 140319s9999 xx 000 0 eng d | ||
| 040 |
_aGCL / _cGCL |
||
| 082 | 0 | 4 |
_a601.422 _bC S |
| 100 | 1 | _aCOLTON,RAGMENT R | |
| 245 | 1 | 0 |
_aSTATISTICAL METHEDS 4TH ED / _cCOLTON,RAGMENT R |
| 260 |
_a[S.N] : _bBARNES & NABLE,INC ، _c1946 |
||
| 300 | _a47 PP | ||
| 650 | 0 | 4 | _aSTATISTICAL METHODS |
| 942 |
_2ddc _cBK |
||
| 999 |
_c16701 _d16701 |
||